|
|
|
|
| LEADER |
03003nam a22004815i 4500 |
| 001 |
978-1-137-54902-0 |
| 003 |
DE-He213 |
| 005 |
20160927111744.0 |
| 007 |
cr nn 008mamaa |
| 008 |
160103s2015 xxk| s |||| 0|eng d |
| 020 |
|
|
|a 9781137549020
|9 978-1-137-54902-0
|
| 024 |
7 |
|
|a 10.1057/9781137549020
|2 doi
|
| 040 |
|
|
|d GrThAP
|
| 100 |
1 |
|
|a Raczkowski, Konrad.
|e author.
|
| 245 |
1 |
0 |
|a Risk Management in the Polish Financial System
|h [electronic resource] :
|b A Systemic Approach /
|c by Konrad Raczkowski, Marian Noga, Jarosław Klepacki.
|
| 264 |
|
1 |
|a London :
|b Palgrave Macmillan UK :
|b Imprint: Palgrave Macmillan,
|c 2015.
|
| 300 |
|
|
|a XIV, 261 p.
|b online resource.
|
| 336 |
|
|
|a text
|b txt
|2 rdacontent
|
| 337 |
|
|
|a computer
|b c
|2 rdamedia
|
| 338 |
|
|
|a online resource
|b cr
|2 rdacarrier
|
| 347 |
|
|
|a text file
|b PDF
|2 rda
|
| 520 |
|
|
|a With globalisation comes an increase in the threat from systemic risk. As national economies become more globally entwined many argue that insufficient attention is being given to systemic risk; a principal contributor to recent economic crises. Focusing on the Polish financial system, this book addresses this critical issue within a global economic context. It advocates that accurate risk management practices and appropriate micro and macroeconomic policies can be created and maintained in order to manage systemic risk at both a national and international level. The book reviews current systemic risk management practices, analysing stability and existing micro- and macroprudential policies, before examining the current risks involved in investing in financial instruments and those associated with investing in stock exchanges. It offers suggestions for the effective implementation of a well-designed public policy, through well managed fiscal and monetary policies, and reflects the roles of households and companies in planning, organizing, and controlling socio-economic activity to control risk. Risk Management in the Polish Financial System aims to redefine the taxonomy of systemic risk, offering practical and regulatory socio-economic processes which can be applied to current risk management practices, as well as provide a risk map for the years to come.
|
| 650 |
|
0 |
|a Finance.
|
| 650 |
|
0 |
|a Business enterprises
|x Finance.
|
| 650 |
|
0 |
|a Corporations
|x Finance.
|
| 650 |
|
0 |
|a Banks and banking.
|
| 650 |
|
0 |
|a Risk management.
|
| 650 |
|
0 |
|a Economics.
|
| 650 |
|
0 |
|a Management science.
|
| 650 |
1 |
4 |
|a Finance.
|
| 650 |
2 |
4 |
|a Risk Management.
|
| 650 |
2 |
4 |
|a Banking.
|
| 650 |
2 |
4 |
|a Business Finance.
|
| 650 |
2 |
4 |
|a Economics, general.
|
| 650 |
2 |
4 |
|a Corporate Finance.
|
| 700 |
1 |
|
|a Noga, Marian.
|e author.
|
| 700 |
1 |
|
|a Klepacki, Jarosław.
|e author.
|
| 710 |
2 |
|
|a SpringerLink (Online service)
|
| 773 |
0 |
|
|t Springer eBooks
|
| 776 |
0 |
8 |
|i Printed edition:
|z 9781349571543
|
| 856 |
4 |
0 |
|u http://dx.doi.org/10.1057/9781137549020
|z Full Text via HEAL-Link
|
| 912 |
|
|
|a ZDB-2-ECF
|
| 950 |
|
|
|a Economics and Finance (Springer-41170)
|